| 000 | 00444nam a2200121Ia 4500 | ||
|---|---|---|---|
| 008 | 200922s9999 xx 000 0 und d | ||
| 020 | _a978-621-8035-55-3 | ||
| 100 | _aPrieto, Nelia G. | ||
| 245 |
_cNelia G. Prieto, Clotilde N. Arcangel, Brenda B. Corpuz _aThe Teacher and the community, school culture and organizational leadership/ |
||
| 260 |
_aManila: _bLorimar Publishing _c2019 |
||
| 300 |
_axiii, 153 pages _c25 cm. |
||
| 650 | _aLeadership | ||
| 999 |
_c364394 _d364394 |
||